000 00433nam a2200181Ia 4500
001 20821
005 20260306172833.0
008 260306t2013||||xx |||||||||||||| ||spa||
041 _aESP
082 _a343.8
_bCH538
100 _aCheca González, Clemente
_eAUT
245 0 _aLos responsables tributarios
260 _c2013
300 _a580 páginas :
_c24 cm.
650 _aGEN
654 _aCDE
942 _cLIB
_dJUS
_fJUS
_2ddc
_n
999 _c20821
_d20821